000 00439nam a2200205Ia 4500
008 210210b xxu||||| |||| 00| 0 eng d
041 _aeng
082 _a531/103
100 _aNAYAK (M S)
245 _aElements of intermediate physics part I
260 _a
_b-
_c
300 _a168
650 _aphysics
650 _apart
650 _aintermediate
650 _aI
650 _aElements
690 _aPhysics
906 _a008304
999 _c126193
_d126193